| 000 | 00436pam a2200169 a 4500 | ||
|---|---|---|---|
| 020 | _c | ||
| 041 | _h | ||
| 082 | _a641.5 | ||
| 100 |
_aBAHADUR K.P. _eAuthor |
||
| 245 |
_aCASTE TRIBE & CULTURE OF INDIA.HARIYANA H.P. J & K,PUNJAB & SIKKIM,VOL -16 _cBAHADUR K.P. _hTextual Documents |
||
| 250 | _a2nd ed | ||
| 260 |
_aNew Delhi _bEss Ess Pub |
||
| 300 | _a187 | ||
| 653 | _afood Producation | ||
| 700 | _eCo-Author | ||
| 930 | _a632 | ||
| 999 |
_c228033 _d228033 |
||